|
|
|
|
| LEADER |
00727nab a2200193 i 4500 |
| 001 |
misc48152 |
| 005 |
20211025161009.0 |
| 008 |
200420s2000 hu o 0|| hun d |
| 022 |
|
|
|a 0133-1752
|
| 040 |
|
|
|a SZTE Miscellanea Repozitórium
|b hun
|
| 041 |
|
|
|a hun
|
| 100 |
1 |
|
|a Niederhauser Emil
|
| 245 |
1 |
0 |
|a Tízkötetes magyar történet [könyvismertetés]
|h [elektronikus dokumentum] /
|c Niederhauser Emil
|
| 260 |
|
|
|a Népszabadság Részvénytársaság
|b Budapest
|c 2000-12-16
|
| 300 |
|
|
|a 10
|
| 490 |
0 |
|
|a Népszabadság : országos napilap
|v 58 No. 294
|
| 561 |
|
|
|a Kristó Gyula újságkivágatok
|
| 695 |
|
|
|a Magyarország története - könyvismertetés
|
| 856 |
4 |
0 |
|u http://misc.bibl.u-szeged.hu/48152/1/020.pdf
|z Dokumentum-elérés
|